000 00321nam a22001457a 4500
008 210428b ||||| |||| 00| 0 eng d
020 _a9780538441223
041 _aeng
080 _a33
082 _a33
100 _a58
101 _aBIZ
245 _aEntrepreneurship Ideas in Action
_cGreene,C.L
942 _2udc
_cBK
999 _c56877
_d56877